AP-7 Autopista del Mediterráneo (mapa) - ¡Muerte súbita! - Estadísticas

Estadísticas generales
  • Esta prueba ha sido intentada 632 veces
    559 desde el último reinicio
  • La puntuación promedio es 6 de 13
Answers on the Grid
Answers color-coded by a green-red scale on the quiz's grid according to % correct below.
(1,1)
(1,2)
(1,3)
(1,4)
(1,5)
(1,6)
(1,7)
(1,8)
(1,9)
(1,10)
(2,1)
(2,2)
(2,3)
(2,4)
(2,5)
(2,6)
(2,7)
(2,8)
(2,9)
(2,10)
(3,1)
(3,2)
(3,3)
(3,4)
(3,5)
(3,6)
(3,7)
(3,8)
(3,9)
(3,10)
(4,1)
(4,2)
(4,3)
(4,4)
(4,5)
(4,6)
(4,7)
(4,8)
(4,9)
(4,10)
(5,1)
(5,2)
(5,3)
(5,4)
(5,5)
(5,6)
(5,7)
(5,8)
(5,9)
(5,10)
(6,1)
(6,2)
(6,3)
(6,4)
(6,5)
(6,6)
(6,7)
(6,8)
(6,9)
(6,10)
(7,1)
(7,2)
(7,3)
(7,4)
(7,5)
(7,6)
(7,7)
(7,8)
(7,9)
(7,10)
(8,1)
(8,2)
(8,3)
(8,4)
(8,5)
(8,6)
(8,7)
(8,8)
(8,9)
(8,10)
 
Estadísticas de respuestas
Respuesta % Correcto
(3,8)
75%
(5,6)
74%
(6,6)
69%
(4,7)
68%
(3,9)
64%
(7,5)
58%
(3,7)
49%
(4,6)
46%
(7,6)
44%
(2,9)
36%
(6,7)
18%
(8,2)
18%
(8,1)
13%
No se encontraron pruebas coincidentes
Distribución de puntuación
Porcentaje de gente con cada puntuación
Porcentaje por número respondido
Historial de tus puntuaciones
No has intentado esta prueba desde el último reinicio